[Event "33.Schlosspark-Open"]
[Site "Wiesbaden-Biebrich"]
[Date "2024.08.25"]
[Round "7.59"]
[White "Jansen, Malte"]
[Black "Kanagaraj, Aarav"]
[Result "1-0"]
[WhiteElo "1842"]
[BlackElo "1636"]
[PlyCount "53"]
[EventDate "2024.08.22"]
[WhiteTeam "SJ Herborn 1998"]
[BlackTeam "TSV Schott Mainz"]

1. e4 e5 2. Nf3 Nf6 3. Nc3 Nc6 4. Bb5 Bb4 5. d3 d6 6. O-O Bd7 7. Ne2 O-O 8. c3 Bc5 9. Bg5 a6 10. Ba4 b5 11. Bc2 Bg4 12. Ng3 h6 13. Bd2 Qd7 14. Re1 a5 15. h3 Be6 16. Be3 Bxe3 17. Rxe3 d5 18. exd5 Nxd5 19. Re1 Qd6 20. Ne4 Qe7 21. Qe2 f6 22. d4 exd4 23. cxd4 Rab8 24. Nc5 Bf7 25. Qd3 Be6 26. Qh7+ Kf7 27. Bg6# 1-0

[Event "33.Schlosspark-Open"]
[Site "Wiesbaden-Biebrich"]
[Date "2024.08.25"]
[Round "7.60"]
[White "Riedel, Thomas"]
[Black "Bährle, Julius"]
[Result "1/2-1/2"]
[WhiteElo "1838"]
[BlackElo "1603"]
[PlyCount "87"]
[EventDate "2024.08.22"]
[WhiteTeam "SC Einrich e.V."]
[BlackTeam "Sfr Stiller Zug Wiesbaden"]

1. e4 Nf6 2. e5 Nd5 3. c4 Nb6 4. d4 d6 5. f4 dxe5 6. fxe5 Nc6 7. Be3 Bf5 8. Nc3 Nb4 9. Rc1 e6 10. a3 Nc6 11. Be2 Be7 12. Nf3 Bg4 13. O-O Bxf3 14. Rxf3 Bg5 15. Bxg5 Qxg5 16. Rg3 Qh6 17. Rc2 O-O-O 18. Rd2 Nxe5 19. Ne4 Nexc4 20. Rc2 Qf4 21. Bxc4 Qxe4 22. Rgc3 Qxd4+ 23. Qxd4 Rxd4 24. Bxe6+ fxe6 25. Rxc7+ Kb8 26. Rxg7 Rf8 27. h3 Rd7 28. Rg5 Rd5 29. Rg7 Rd7 30. Rg5 Re8 31. Re2 Rde7 32. Rh5 e5 33. Re4 Kc7 34. Reh4 Rh8 35. g4 Nd7 36. g5 Rg7 37. Kf2 Kd6 38. Ke3 Kd5 39. b3 Nc5 40. Rb4 e4 41. Rb5 a6 42. g6+ Kd6 43. Rbxc5 Rxg6 44. Kxe4 1/2-1/2

[Event "33.Schlosspark-Open"]
[Site "Wiesbaden-Biebrich"]
[Date "2024.08.25"]
[Round "7.61"]
[White "Schmidt, Jörg"]
[Black "Winter, Victor"]
[Result "1-0"]
[WhiteElo "1823"]
[BlackElo "1603"]
[PlyCount "55"]
[EventDate "2024.08.22"]
[WhiteTeam "SK Niederbrechen 1948"]
[BlackTeam "Rodgau"]

1. Nf3 e6 2. e3 d5 3. c4 Nf6 4. Nc3 c5 5. d4 Nc6 6. cxd5 Nxd5 7. a3 Nxc3 8. bxc3 cxd4 9. cxd4 Be7 10. Bd3 O-O 11. O-O b6 12. Bb2 Bb7 13. Rc1 Rc8 14. Bb1 Bf6 15. Qd3 g6 16. Qe2 Re8 17. Rfd1 Qd5 18. Qf1 Ne7 19. Nd2 Qh5 20. Ne4 Bxe4 21. Bxe4 Nf5 22. Qa6 Rxc1 23. Rxc1 Nh4 24. Bc3 Qg4 25. Bb7 Re7 26. Bb4 Rd7 27. Qb5 Rc7 28. Qe8+ 1-0

[Event "33.Schlosspark-Open"]
[Site "Wiesbaden-Biebrich"]
[Date "2024.08.25"]
[Round "7.65"]
[White "Stehning, Michel"]
[Black "Shanmuganathan, Adhav"]
[Result "0-1"]
[WhiteElo "1778"]
[BlackElo "1590"]
[PlyCount "40"]
[EventDate "2024.08.22"]
[WhiteTeam "SF Braunfels"]
[BlackTeam "SV 1934 Ffm-Griesheim"]

1. d4 Nf6 2. Nf3 d5 3. c3 Bf5 4. Qb3 b6 5. c4 e6 6. Bg5 Be7 7. cxd5 Qxd5 8. Qxd5 Nxd5 9. Bxe7 Nxe7 10. Nbd2 Nbc6 11. e4 Bg6 12. Rc1 O-O-O 13. Rc4 Rd7 14. Bd3 Rhd8 15. Nb3 Bh5 16. d5 exd5 17. exd5 Rxd5 18. Be2 Bg6 19. O-O Ne5 20. Rfc1 Nxc4 0-1

[Event "33.Schlosspark-Open"]
[Site "Wiesbaden-Biebrich"]
[Date "2024.08.25"]
[Round "7.66"]
[White "Memic, Miodrag"]
[Black "Held, Gerd"]
[Result "1/2-1/2"]
[WhiteElo "2009"]
[BlackElo "1674"]
[PlyCount "37"]
[EventDate "2024.08.22"]
[WhiteTeam "SV Mainz-Mombach"]
[BlackTeam "SC Groß-Zimmern"]

1. d4 g6 2. e4 Bg7 3. Bc4 c5 4. c3 cxd4 5. cxd4 d6 6. Ne2 Nf6 7. f3 O-O 8. O-O Nc6 9. Be3 a6 10. a3 d5 11. exd5 Nxd5 12. Bxd5 Qxd5 13. Nbc3 Qd6 14. Qd2 Na5 15. Ne4 Qd8 16. Qc3 Bf5 17. b4 Rc8 18. Qd3 Nc4 19. Bf2 1/2-1/2

[Event "33.Schlosspark-Open"]
[Site "Wiesbaden-Biebrich"]
[Date "2024.08.25"]
[Round "7.67"]
[White "Traut, Stefan"]
[Black "Förster, Jürgen"]
[Result "0-1"]
[WhiteElo "1713"]
[BlackElo "1956"]
[PlyCount "110"]
[EventDate "2024.08.22"]
[WhiteTeam "SF Heusenstamm"]
[BlackTeam "SVG Eppstein 1932"]

1. d4 d5 2. Nf3 Nf6 3. c4 c6 4. e3 e6 5. Nc3 Bd6 6. Bd3 O-O 7. O-O Nbd7 8. b3 Re8 9. Bb2 e5 10. dxe5 Nxe5 11. Be2 Nxf3+ 12. Bxf3 dxc4 13. bxc4 Qe7 14. Qc2 Qe5 15. g3 Qg5 16. Rfd1 Bc7 17. Ne4 Nxe4 18. Bxe4 h5 19. h4 Qg4 20. Bg2 Bf5 21. Qb3 Rab8 22. Rd4 Qg6 23. Rd2 Be4 24. Rad1 Ba5 25. Bc3 Bc7 26. Bd4 b6 27. Ba1 c5 28. Bxe4 Qxe4 29. Qc2 Qf3 30. Rd5 Rbd8 31. Rxd8 Rxd8 32. Rxd8+ Bxd8 33. Qd3 Bf6 34. Bxf6 Qxf6 35. Kg2 Qc6+ 36. Kg1 a6 37. Qd8+ Kh7 38. Qg5 g6 39. g4 hxg4 40. Qxg4 Qf6 41. h5 g5 42. Kg2 Kh6 43. Qh3 Qe6 44. Qxe6+ fxe6 45. a4 Kxh5 46. Kf3 Kh4 47. Kg2 Kg4 48. f3+ Kf5 49. Kg3 e5 50. e4+ Kf6 51. Kh3 Ke6 52. Kg4 b5 53. axb5 a5 54. Kxg5 a4 55. b6 Kd6 0-1

[Event "33.Schlosspark-Open"]
[Site "Wiesbaden-Biebrich"]
[Date "2024.08.25"]
[Round "7.68"]
[White "Busch, Malte"]
[Black "Milman, Sophie"]
[Result "1-0"]
[WhiteElo "1875"]
[BlackElo "1574"]
[PlyCount "89"]
[EventDate "2024.08.22"]
[WhiteTeam "SC 1979 Hattersheim"]
[BlackTeam "VSG 1880 Offenbach"]

1. Nc3 Nc6 2. Nf3 Nf6 3. d4 d5 4. Bf4 a6 5. e3 Bf5 6. Bd3 Bxd3 7. cxd3 e6 8. O-O Bd6 9. Bg3 O-O 10. Qe2 Bxg3 11. hxg3 Re8 12. Rfc1 Qe7 13. Na4 Rab8 14. Nc5 Qd6 15. Qc2 Ne7 16. Ne5 Ng6 17. Qc3 Qd8 18. Nxa6 Rc8 19. Nc5 Rb8 20. f3 c6 21. Kf2 Nxe5 22. dxe5 Nd7 23. Nxd7 Qxd7 24. d4 Qc7 25. Qc5 Ra8 26. a4 Qa5 27. b4 Qxc5 28. bxc5 Ra7 29. Rcb1 Rea8 30. Rb4 f6 31. exf6 gxf6 32. f4 Kg7 33. Rab1 Rb8 34. Rb6 Kf7 35. Rxc6 Rxa4 36. Rc7+ Kg6 37. Rbxb7 Rxb7 38. Rxb7 Rc4 39. g4 h5 40. gxh5+ Kxh5 41. Re7 Kg4 42. Rg7+ Kf5 43. Kf3 e5 44. g4+ Ke6 45. f5# 1-0

[Event "33.Schlosspark-Open"]
[Site "Wiesbaden-Biebrich"]
[Date "2024.08.25"]
[Round "7.70"]
[White "Kail, Thomas"]
[Black "Rabiya, Karim"]
[Result "0-1"]
[WhiteElo "1679"]
[BlackElo "1858"]
[PlyCount "95"]
[EventDate "2024.08.22"]
[WhiteTeam "SK 1925 Großwallstadt"]
[BlackTeam "SK Niederbrechen 1948"]

1. d4 Nf6 2. Bf4 c5 3. c3 Qb6 4. Qb3 e6 5. Qxb6 axb6 6. e3 Nc6 7. Nd2 d5 8. Ngf3 Be7 9. Be2 c4 10. O-O Nh5 11. Bc7 b5 12. Ne5 Nf6 13. g4 b4 14. Nxc6 bxc6 15. f3 Kd7 16. Be5 bxc3 17. bxc3 Ra3 18. Nb1 Ra5 19. Bxf6 Bxf6 20. a4 Kc7 21. Rf2 Bd7 22. Bd1 Rha8 23. Rfa2 e5 24. Kf2 c5 25. dxe5 Bxe5 26. f4 Bd6 27. Kf3 h6 28. h3 Bc6 29. Ke2 Re8 30. Kf2 g5 31. f5 Be5 32. Rd2 Rea8 33. Rda2 Rd8 34. Bc2 d4 35. Ra3 Re8 36. exd4 cxd4 37. Nd2 Rc5 38. a5 dxc3 39. Nf3 Bf6 40. a6 Rb5 41. a7 Ra8 42. R1a2 Rb2 43. Kg3 Kb6 44. Ra6+ Kb7 45. Rxc6 Kxc6 46. Be4+ Kb6 47. Rxb2+ cxb2 48. Bxa8 0-1

[Event "33.Schlosspark-Open"]
[Site "Wiesbaden-Biebrich"]
[Date "2024.08.25"]
[Round "7.71"]
[White "Kaiser, Danny"]
[Black "Bolduan, Michael"]
[Result "0-1"]
[WhiteElo "1669"]
[BlackElo "1845"]
[PlyCount "38"]
[EventDate "2024.08.22"]
[WhiteTeam "SC Bad Nauheim"]
[BlackTeam "Sfr Stiller Zug Wiesbaden"]

1. d4 e6 2. c4 f5 3. Nc3 d5 4. Nf3 Nf6 5. Bg5 Be7 6. h3 c6 7. e3 Nbd7 8. Bd3 Ne4 9. Bxe7 Qxe7 10. O-O O-O 11. Nh2 Ndf6 12. f3 Nd6 13. Qe2 Nh5 14. c5 Nf7 15. Qf2 f4 16. exf4 Nxf4 17. Qd2 Qg5 18. Ng4 Nxh3+ 19. gxh3 Qxd2 0-1

[Event "33.Schlosspark-Open"]
[Site "Wiesbaden-Biebrich"]
[Date "2024.08.25"]
[Round "7.72"]
[White "Wöhl, Torsten"]
[Black "Cichon, Jörg"]
[Result "1/2-1/2"]
[WhiteElo "1657"]
[BlackElo "1818"]
[PlyCount "25"]
[EventDate "2024.08.22"]
[WhiteTeam "SC Groß-Zimmern"]
[BlackTeam "Sfr.Mainz 1928"]

1. d4 Nf6 2. Bf4 g6 3. e3 Bg7 4. Be2 d6 5. c4 Nbd7 6. Nc3 O-O 7. h4 e5 8. dxe5 dxe5 9. Bg5 h6 10. Bxf6 Bxf6 11. h5 g5 12. Ne4 Qe7 13. Nf3 1/2-1/2

[Event "33.Schlosspark-Open"]
[Site "Wiesbaden-Biebrich"]
[Date "2024.08.25"]
[Round "7.73"]
[White "Felten, Pascal"]
[Black "Polat, Marcel"]
[Result "0-1"]
[WhiteElo "1649"]
[BlackElo "1776"]
[PlyCount "106"]
[EventDate "2024.08.22"]
[WhiteTeam "Bochum"]
[BlackTeam "Vorw.Orient Mainz"]

1. e4 c6 2. d4 d5 3. e5 Bf5 4. h4 h5 5. Bd3 Bxd3 6. Qxd3 e6 7. Nc3 Ne7 8. Bg5 Qb6 9. Nge2 Nd7 10. O-O Nf5 11. Na4 Qb5 12. Qxb5 cxb5 13. Nac3 a6 14. g3 Bb4 15. Rad1 Ba5 16. a3 b4 17. axb4 Bxb4 18. Rd3 Rc8 19. Bd2 Nb6 20. b3 Be7 21. Rc1 Nd7 22. Rf3 g6 23. Nd1 Ba3 24. Ra1 Rxc2 25. Rxa3 Rxd2 26. Ndc3 Nxd4 27. Nxd4 Rxd4 28. Re3 Ke7 29. Ra2 Rc8 30. Rc2 Rc6 31. Rce2 Nxe5 32. Nxd5+ Rxd5 33. Rxe5 Rxe5 34. Rxe5 Rc3 35. b4 Kd6 36. Re4 Kd5 37. Re2 Kc4 38. Re4+ Kd3 39. Re3+ Kd4 40. Re2 Rb3 41. Rd2+ Kc4 42. Rd7 Rxb4 43. Rxf7 a5 44. Rc7+ Kb3 45. Rd7 a4 46. Rd3+ Kc2 47. Re3 b5 48. Rxe6 a3 49. Re2+ Kd1 50. Kf1 Rb2 51. Re6 a2 52. Re3 b4 53. Re6 Kc2 0-1

[Event "33.Schlosspark-Open"]
[Site "Wiesbaden-Biebrich"]
[Date "2024.08.25"]
[Round "7.75"]
[White "Schmid, Peter"]
[Black "Liu, Jonas"]
[Result "0-1"]
[WhiteElo "1773"]
[BlackElo "1551"]
[PlyCount "58"]
[EventDate "2024.08.22"]
[WhiteTeam "SF Fortuna Leipzig e."]
[BlackTeam "SV Oberursel"]

1. e4 c5 2. Nf3 Nc6 3. d4 cxd4 4. Nxd4 g6 5. Nc3 Bg7 6. Ndb5 a6 7. Na3 b5 8. Nd5 Nf6 9. Nxf6+ Bxf6 10. c3 O-O 11. f4 d6 12. Be3 Bb7 13. Be2 b4 14. Nc2 bxc3 15. b3 a5 16. Rb1 Nb4 17. a3 Nxc2+ 18. Qxc2 Bg7 19. O-O f5 20. e5 dxe5 21. fxe5 Bxe5 22. Rbd1 Qc7 23. Bc4+ Kh8 24. Bd4 Bxd4+ 25. Rxd4 Qb6 26. Qxc3 e5 27. Rfd1 Rfd8 28. Kf1 Rxd4 29. Rxd4 Qxd4 0-1

[Event "33.Schlosspark-Open"]
[Site "Wiesbaden-Biebrich"]
[Date "2024.08.25"]
[Round "7.76"]
[White "Meyer-Jany, Marcel"]
[Black "Wernicke, Dieter"]
[Result "1-0"]
[WhiteElo "1825"]
[BlackElo "1641"]
[PlyCount "55"]
[EventDate "2024.08.22"]
[WhiteTeam "SK Herborn 1946"]
[BlackTeam "SV Mainspitze Ginsheim"]

1. d4 d5 2. c4 Nf6 3. cxd5 Nxd5 4. Nf3 Nd7 5. e4 N5f6 6. Nc3 e6 7. Bd3 c5 8. e5 cxd4 9. exf6 dxc3 10. Qc2 Nxf6 11. O-O Bd7 12. bxc3 Be7 13. Rd1 Qc7 14. Bb2 O-O 15. c4 Bc6 16. Ne5 Bd6 17. Nxc6 Bxh2+ 18. Kh1 bxc6 19. Bxf6 gxf6 20. g3 Bxg3 21. fxg3 f5 22. Rg1 f6 23. g4 Kf7 24. gxf5 e5 25. c5 Ke7 26. Qc4 Rf7 27. Qe6+ Kd8 28. Rg8+ 1-0

[Event "33.Schlosspark-Open"]
[Site "Wiesbaden-Biebrich"]
[Date "2024.08.25"]
[Round "7.77"]
[White "Reiß, Peter"]
[Black "Goodwin, David"]
[Result "1/2-1/2"]
[WhiteElo "1728"]
[BlackElo "1636"]
[PlyCount "109"]
[EventDate "2024.08.22"]
[WhiteTeam "SV Multatuli Ingelheim e.V."]
[BlackTeam "SV 1920 Kelsterbach"]

1. d4 g6 2. c4 Bg7 3. g3 d6 4. Bg2 Nd7 5. Nc3 e5 6. Nf3 exd4 7. Nxd4 Ne5 8. b3 Ne7 9. Bb2 O-O 10. Qd2 N7c6 11. Nxc6 Nxc6 12. Nd5 f6 13. O-O Ne5 14. Nf4 Re8 15. Rad1 Rb8 16. Nd3 Nxd3 17. Qxd3 Be6 18. Rfe1 Kh8 19. h4 Bf5 20. Qc3 Be4 21. Qc1 Bxg2 22. Kxg2 Re7 23. Qa1 f5 24. Bxg7+ Rxg7 25. e4 Qd7 26. Qd4 fxe4 27. Qxe4 Qc6 28. Qxc6 bxc6 29. Re3 Rf7 30. Rde1 Rbf8 31. f4 Kg7 32. Re7 h6 33. Rxf7+ Kxf7 34. Kf3 Rd8 35. g4 d5 36. cxd5 cxd5 37. Rc1 Rd7 38. f5 g5 39. hxg5 hxg5 40. Rc6 d4 41. Rh6 Kf8 42. Rh8+ Kg7 43. Rh2 Re7 44. Re2 Rd7 45. Rd2 c5 46. Rd3 Re7 47. b4 Rc7 48. bxc5 Rxc5 49. Rxd4 Rc3+ 50. Ke4 Ra3 51. Rd6 Ra4+ 52. Rd4 Rxa2 53. Rd7+ Kf8 54. f6 Ra5 55. Re7 1/2-1/2

[Event "33.Schlosspark-Open"]
[Site "Wiesbaden-Biebrich"]
[Date "2024.08.25"]
[Round "7.78"]
[White "Cimicky, Václav"]
[Black "Chen, Lilly"]
[Result "1/2-1/2"]
[WhiteElo "1699"]
[BlackElo "1603"]
[PlyCount "87"]
[EventDate "2024.08.22"]
[WhiteTeam "Sfr Stiller Zug Wiesbaden"]
[BlackTeam "Sfr Stiller Zug Wiesbaden"]

1. e4 c5 2. Nf3 a6 3. d4 cxd4 4. Nxd4 Nf6 5. Bd3 e5 6. Nf3 Nc6 7. Bg5 Be7 8. Nbd2 O-O 9. O-O b5 10. a3 Bb7 11. c4 b4 12. axb4 Nxb4 13. Bb1 d6 14. Re1 a5 15. b3 h6 16. Bxf6 Bxf6 17. Nf1 Bc6 18. Ne3 Qd7 19. Nd5 Nxd5 20. cxd5 Bb5 21. Bd3 Bxd3 22. Qxd3 a4 23. b4 Rfb8 24. Reb1 Qb5 25. Qxb5 Rxb5 26. Nd2 Bg5 27. Nc4 Be7 28. Na5 Bd8 29. Nc4 Ra6 30. Kf1 Kf8 31. Ke2 Ke7 32. Kd3 Ra8 33. Na3 Rb7 34. b5 Bb6 35. f3 Bd4 36. Ra2 Ra5 37. Rc1 Bc5 38. Nc4 Raxb5 39. Rxa4 Rb3+ 40. Kc2 Be3 41. Rca1 Bd4 42. R1a2 Rc3+ 43. Kd2 Rc7 44. Na5 1/2-1/2

[Event "33.Schlosspark-Open"]
[Site "Wiesbaden-Biebrich"]
[Date "2024.08.25"]
[Round "7.79"]
[White "Machwirth, Ernst"]
[Black "Guddat, Fabian"]
[Result "0-1"]
[WhiteElo "1638"]
[BlackElo "1698"]
[PlyCount "68"]
[EventDate "2024.08.22"]
[WhiteTeam "Sfr Stiller Zug Wiesbaden"]
[BlackTeam "Bochum"]

1. f4 Nf6 2. b3 e6 3. Bb2 d5 4. e3 c5 5. Nf3 Nc6 6. d3 d4 7. e4 Qc7 8. e5 Nd5 9. g3 Ne3 10. Qc1 Nb4 11. Na3 Qc6 12. Be2 b6 13. Kf2 Bb7 14. Qd2 Nbd5 15. h3 Nf5 16. Ng5 f6 17. Ne4 fxe5 18. fxe5 Be7 19. h4 Rf8 20. Kg2 Nde3+ 21. Kh3 Qc7 22. Rhg1 h5 23. Bxh5+ Kd7 24. Bg6 Qxe5 25. Nc4 Nxc4 26. bxc4 Rh8 27. h5 Ne3 28. Qe2 Rh6 29. g4 Rxg6 30. Bc1 Rh6 31. Qf3 Bxe4 32. dxe4 Rf8 33. Qe2 Qxe4 34. Bxe3 Rf3+ 0-1

[Event "33.Schlosspark-Open"]
[Site "Wiesbaden-Biebrich"]
[Date "2024.08.25"]
[Round "7.80"]
[White "Vick, Edward"]
[Black "Busch, Günther"]
[Result "1/2-1/2"]
[WhiteElo "1640"]
[BlackElo "1679"]
[PlyCount "83"]
[EventDate "2024.08.22"]
[WhiteTeam "TuS Makkabi Wiesbaden"]
[BlackTeam "Sfr Stiller Zug Wiesbaden"]

1. e4 d6 2. d4 g6 3. c4 Bg7 4. Nc3 a6 5. Nf3 e6 6. Be2 Nd7 7. O-O Ne7 8. Be3 h6 9. Qc2 O-O 10. Rad1 b6 11. Qc1 Kh7 12. Bd3 Bb7 13. d5 e5 14. b4 Nf6 15. h3 Nd7 16. Nh2 Ng8 17. f4 exf4 18. Rxf4 Ne5 19. Qd2 h5 20. Rdf1 a5 21. b5 Bc8 22. R4f2 Bh6 23. Bxh6 Nxh6 24. Nf3 Qe7 25. Nxe5 Qxe5 26. Ne2 Bd7 27. Qf4 Rae8 28. Qxe5 Rxe5 29. Nd4 Kg7 30. Nf3 Re7 31. a4 f6 32. Nd4 Ref7 33. Re2 Re8 34. Rfe1 Rff8 35. Re3 Nf7 36. Nf3 Ne5 37. Nxe5 fxe5 38. Rf1 Rxf1+ 39. Kxf1 Rf8+ 40. Ke2 Rf6 41. Rg3 h4 42. Re3 1/2-1/2

[Event "33.Schlosspark-Open"]
[Site "Wiesbaden-Biebrich"]
[Date "2024.08.25"]
[Round "7.81"]
[White "Stojanoski, Stefan"]
[Black "Lüders, Eric"]
[Result "1/2-1/2"]
[WhiteElo "1587"]
[BlackElo "1707"]
[PlyCount "55"]
[EventDate "2024.08.22"]
[WhiteTeam "SAbt TuS Makkabi Ffm"]
[BlackTeam "SF Hünstetten"]

1. e4 c6 2. d4 d5 3. Nc3 dxe4 4. Nxe4 Nf6 5. Nxf6+ exf6 6. Bc4 Bd6 7. Qe2+ Qe7 8. Qxe7+ Bxe7 9. Bf4 O-O 10. O-O-O Re8 11. Re1 Nd7 12. Bb3 b5 13. Bd6 Kf8 14. Rxe7 Rxe7 15. Nf3 Bb7 16. Bxe7+ Kxe7 17. Re1+ Kf8 18. c3 c5 19. dxc5 Nxc5 20. Bc2 Bd5 21. b4 Ne6 22. a3 Rc8 23. Kb2 Nf4 24. g3 Bxf3 25. gxf4 Rd8 26. Re3 Bh5 27. Rd3 Re8 28. Rd2 1/2-1/2

[Event "33.Schlosspark-Open"]
[Site "Wiesbaden-Biebrich"]
[Date "2024.08.25"]
[Round "7.83"]
[White "Thangavelu, Kanagaraj"]
[Black "Schmitz, Bernhard Hubert"]
[Result "1/2-1/2"]
[WhiteElo "1670"]
[BlackElo "1659"]
[PlyCount "50"]
[EventDate "2024.08.22"]
[WhiteTeam "TSV Schott Mainz"]
[BlackTeam "Vorw.Orient Mainz"]

1. Nf3 c5 2. c4 g6 3. g3 Bg7 4. Bg2 Nc6 5. e3 e5 6. d3 Nge7 7. O-O d5 8. Nfd2 d4 9. e4 O-O 10. Nb3 b6 11. N1d2 a5 12. a4 Nb4 13. Nf3 Ra7 14. Ne1 f5 15. Nc2 Nec6 16. h4 h5 17. Bg5 Qd6 18. Ne1 f4 19. Nd2 fxg3 20. fxg3 Rxf1+ 21. Bxf1 Rf7 22. Ndf3 Bg4 23. Bg2 Bf6 24. Bxf6 Rxf6 25. Qd2 Qf8 1/2-1/2